Le centenaire de la direction du budget (1919-2019) (notice n° 1616231)
[ vue normale ]
| 000 -LEADER | |
|---|---|
| fixed length control field | 00608cam a2200181 4500500 |
| 005 - DATE AND TIME OF LATEST TRANSACTION | |
| control field | 20260111080404.0 |
| 041 ## - LANGUAGE CODE | |
| Language code of text/sound track or separate title | fre |
| 042 ## - AUTHENTICATION CODE | |
| Authentication code | dc |
| 100 10 - MAIN ENTRY--PERSONAL NAME | |
| Personal name | Mordacq, Frank |
| Relator term | author |
| 245 00 - TITLE STATEMENT | |
| Title | Le centenaire de la direction du budget (1919-2019) |
| 260 ## - PUBLICATION, DISTRIBUTION, ETC. | |
| Date of publication, distribution, etc. | 2019.<br/> |
| 500 ## - GENERAL NOTE | |
| General note | 5 |
| 690 ## - LOCAL SUBJECT ADDED ENTRY--TOPICAL TERM (OCLC, RLIN) | |
| Topical term or geographic name as entry element | centenaire de la DB |
| 690 ## - LOCAL SUBJECT ADDED ENTRY--TOPICAL TERM (OCLC, RLIN) | |
| Topical term or geographic name as entry element | direction du budget |
| 690 ## - LOCAL SUBJECT ADDED ENTRY--TOPICAL TERM (OCLC, RLIN) | |
| Topical term or geographic name as entry element | ministère des finances |
| 786 0# - DATA SOURCE ENTRY | |
| Note | Gestion & Finances Publiques | 6 | 6 | 2019-12-18 | p. 67-75 | 1969-1009 |
| 856 41 - ELECTRONIC LOCATION AND ACCESS | |
| Uniform Resource Identifier | <a href="https://droit.cairn.info/revue-gestion-et-finances-publiques-2019-6-page-67?lang=fr&redirect-ssocas=7080">https://droit.cairn.info/revue-gestion-et-finances-publiques-2019-6-page-67?lang=fr&redirect-ssocas=7080</a> |
Pas d'exemplaire disponible.




Réseaux sociaux